The court of France, 1789-1830
Αποθηκεύτηκε σε:
| Κύριος συγγραφέας: | |
|---|---|
| Μορφή: | Βιβλίο |
| Γλώσσα: | English |
| Δημοσίευση: |
Cambridge :
Cambridge University Press,
1988
|
| Θέματα: | |
| Ετικέτες: |
Προσθήκη ετικέτας
Δεν υπάρχουν, Καταχωρήστε ετικέτα πρώτοι!
|
MARC
| LEADER | 00000nam a2200000 i 4500 | ||
|---|---|---|---|
| 001 | 1/96695 | ||
| 008 | 941122s1988 eng d | ||
| 020 | |a 0-521-30995-6 | ||
| 035 | |l 10010279 | ||
| 040 | |a GR-MY-UA |b gre |e aacr | ||
| 041 | 0 | |a eng | |
| 082 | 0 | |a 944.050880621 | |
| 100 | 1 | |a Mansel, Philip |d 1951- | |
| 245 | 1 | 4 | |a The court of France, 1789-1830 / |c Philip Mansel |
| 260 | |a Cambridge : |b Cambridge University Press, |c 1988 | ||
| 300 | |a 224 p. |b ill. | ||
| 504 | |a Bibliography: p.211-220. Includes index. | ||
| 651 | 0 | |a France |x Civilization |y 1789-1830. | |
| 651 | 0 | |a France |x Court and courtiers |x History. | |
| 651 | 0 | |a France |x Kings and rulers |x History. | |
| 651 | 0 | |a France |x History |y Revolution, 1789-1799 |x Influence. | |
| 852 | |a INST |b LESVOS |e 19941122 |h 944.050880621 MAN |p 005100003360 |q 005100003360 |t BK |y 0 | ||
| 909 | |a Λ |b 036328 | ||